| 000 | 01045cab a2200217 4500 | ||
|---|---|---|---|
| 001 | ABS38942 | ||
| 008 | 090401t1988 xxu||||| |||| 00| 0 eng d | ||
| 035 | _a(Sirsi) u13448 | ||
| 041 | _aeng | ||
| 100 | _aMartin, B. | ||
| 245 | _aNew strategies for leisure provision | ||
| 260 | _c1988 | ||
| 350 | _a0 | ||
| 490 |
_aLeisure Management _vFebruary 1988, 26-28(3) |
||
| 520 | _aGovernment restraints on spending, the introduction of competitive tendering and the rising affluence of consumers have put the role of local authorities in leisure provision in doubt. This article suggests a new leisure strategy for local authorities, in the light of political and social changes, which will ensure that the best possible leisure facilites are available to the public and that more help goes to those with the greatest need, while at the same time making better use of other interested organisations. References. | ||
| 650 | _aDEVELOPMENT | ||
| 690 | _aPLANNING LAW AND PRACTICE | ||
| 700 | _aMason, S. | ||
| 942 | _n0 | ||
| 948 | _c04/03/1997 | ||
| 999 |
_c8669 _d8669 |
||